[Event "Polanica Zdroj op 59th"]
[Site "Polanica Zdroj"]
[Date "2023.08.27"]
[Round "9"]
[White "Diachek, Andriy"]
[Black "Cichon, Jakub"]
[Result "1-0"]
[WhiteElo "2044"]
[BlackElo "1936"]
[PlyCount "119"]
[EventDate "2023.08.19"]
[EventType "swiss"]
[EventRounds "9"]
[EventCountry "POL"]
[SourceTitle "CBM 215 Extra"]
[Source "ChessBase"]
[SourceDate "2023.09.30"]
[SourceVersion "1"]
[SourceVersionDate "2023.09.30"]
[SourceQuality "1"]

1. e4 c6 2. d4 d5 3. exd5 cxd5 4. c3 Nf6 5. Bd3 Nc6 6. Ne2 Bg4 7. 0-0 e6 8. Qe1 Bd6 9. Bg5 Qc7 10. f3 Bh5 11. Bxf6 gxf6 12. Qh4 Bg6 13. Bxg6 fxg6 14. Qxf6 Kd7 15. h3 Raf8 16. Qg5 h6 17. Qxg6 Ne7 18. Qd3 Rhg8 19. Nd2 Rg7 20. c4 Nf5 21. cxd5 exd5 22. Kh1 Qd8 23. f4 Qh4 24. Nf3 Qh5 25. Ne5+ Bxe5 26. fxe5 Ke7 27. Nf4 Qg5 28. Qa3+ Kf7 29. Qxf8+ Kxf8 30. Ne6+ Ke7 31. Nxg5 Ng3+ 32. Kh2 Nxf1+ 33. Rxf1 Rxg5 34. Rf6 h5 35. Rd6 Rf5 36. Rxd5 Rf2 37. Rb5 b6 38. Kg3 Rd2 39. d5 Re2 40. Kf3 Rxe5 41. d6+ Kxd6 42. Rxe5 Kxe5 43. g4 h4 44. a4 a6 45. b4 b5 46. a5 Kf6 47. Kf4 Kg6 48. Ke5 Kg5 49. Kd6 Kf4 50. Kc5 Kg3 51. g5 Kxh3 52. g6 Kg2 53. g7 h3 54. g8Q+ Kf2 55. Kb6 h2 56. Qh7 Kg2 57. Kxa6 h1Q 58. Qxh1+ Kxh1 59. Kxb5 Kg2 60. a6 1-0

[Event "Polanica Zdroj op 59th"]
[Site "Polanica Zdroj"]
[Date "2023.08.25"]
[Round "7"]
[White "Diachek, Andriy"]
[Black "Cichon, Bartlomiej"]
[Result "1-0"]
[WhiteElo "2044"]
[BlackElo "1933"]
[PlyCount "71"]
[EventDate "2023.08.19"]
[EventType "swiss"]
[EventRounds "9"]
[EventCountry "POL"]
[SourceTitle "CBM 215 Extra"]
[Source "ChessBase"]
[SourceDate "2023.09.30"]
[SourceVersion "1"]
[SourceVersionDate "2023.09.30"]
[SourceQuality "1"]

1. e4 c5 2. Nf3 d6 3. Bb5+ Nd7 4. 0-0 a6 5. Bd3 Ngf6 6. c3 b5 7. Bc2 c4 8. a4 Bb7 9. Re1 Nc5 10. axb5 axb5 11. Rxa8 Qxa8 12. Nd4 Bc6 13. Na3 Qb7 14. Nxc6 Qxc6 15. d4 Ncd7 16. e5 dxe5 17. dxe5 Nd5 18. e6 fxe6 19. Be4 N7f6 20. Bf3 Kf7 21. Nc2 Qd6 22. Nd4 Nc7 23. Qe2 h5 24. Nc6 Nd7 25. Rd1 Nd5 26. Nd8+ Kf6 27. Bg5+ Kg6 28. Qe4+ Kxg5 29. Nf7+ Kf6 30. Nxd6 exd6 31. Qd4+ Ke7 32. Bxd5 exd5 33. Re1+ Kd8 34. Qxd5 Rh6 35. Qa8+ Kc7 36. Re8 1-0

[Event "Bydgoszcz op-A"]
[Site "Bydgoszcz"]
[Date "2023.06.29"]
[Round "6"]
[White "Diachek, Andriy"]
[Black "Markowski, Damian"]
[Result "0-1"]
[WhiteElo "2106"]
[BlackElo "2160"]
[PlyCount "148"]
[EventDate "2023.06.24"]
[EventType "swiss"]
[EventRounds "9"]
[EventCountry "POL"]
[SourceTitle "CBM 215 Extra"]
[Source "ChessBase"]
[SourceDate "2023.09.30"]
[SourceVersion "1"]
[SourceVersionDate "2023.09.30"]
[SourceQuality "1"]

1. e4 d6 2. d4 Nf6 3. Nc3 g6 4. Be3 Bg7 5. Qd2 c6 6. h3 b5 7. Bd3 Nbd7 8. Nf3 Qc7 9. 0-0 0-0 10. Ne2 Nb6 11. Bf4 Nc4 12. Qc1 e5 13. dxe5 Nxe5 14. Nxe5 dxe5 15. Be3 c5 16. c4 Rd8 17. Qc2 b4 18. a3 a5 19. axb4 cxb4 20. c5 Bb7 21. f3 Nh5 22. Bb5 Nf4 23. g3 Ne6 24. Rfc1 h5 25. h4 Ba6 26. Bxa6 Rxa6 27. Qc4 Rc6 28. Qb5 Ra8 29. Rc4 Raa6 30. Rxb4 Bf8 31. Rc4 Qa7 32. b4 Nc7 33. Qb6 Raxb6 34. cxb6 Rxb6 35. bxa5 Rb1+ 36. Kf2 Qa6 37. Rxb1 Qxc4 38. Rc1 Qb5 39. Rxc7 Qxa5 40. Rd7 Bb4 41. Rd1 Qa2 42. Rc1 Kg7 43. Rd1 Kf6 44. Rc1 Ke6 45. Rd1 Qa4 46. Rc1 Qa3 47. Rc6+ Kd7 48. Rc1 f6 49. Rc4 Qb3 50. Rc1 Ba3 51. Rg1 Kc6 52. Ra1 Kd6 53. Rg1 Bb2 54. Rb1 Qc2 55. Rg1 Ke7 56. Rf1 Bd4 57. Rc1 Qd2 58. Rc3 Kd7 59. Ra3 Kc7 60. Rb3 Kc8 61. Ra3 Kb7 62. Rb3+ Ka6 63. Ra3+ Kb5 64. Rb3+ Ka4 65. Rc3 Kb4 66. f4 Kb5 67. Ra3 Kc5 68. Rb3 Qd1 69. Rc3+ Kb4 70. Rc7 Qd3 71. Rb7+ Kc5 72. Bxd4+ exd4 73. Rd7 Qe3+ 74. Kf1 d3 0-1

[Event "Bydgoszcz op-A"]
[Site "Bydgoszcz"]
[Date "2023.06.26"]
[Round "3"]
[White "Diachek, Andriy"]
[Black "Kacprzak, Karol1111"]
[Result "0-1"]
[WhiteElo "2106"]
[BlackElo "2229"]
[PlyCount "82"]
[EventDate "2023.06.24"]
[EventType "swiss"]
[EventRounds "9"]
[EventCountry "POL"]
[SourceTitle "CBM 215 Extra"]
[Source "ChessBase"]
[SourceDate "2023.09.30"]
[SourceVersion "1"]
[SourceVersionDate "2023.09.30"]
[SourceQuality "1"]

1. e4 c5 2. c3 Nf6 3. e5 Nd5 4. d4 cxd4 5. Nf3 e6 6. cxd4 d6 7. Bc4 Nc6 8. 0-0 Be7 9. Qe2 0-0 10. Nc3 Nxc3 11. bxc3 dxe5 12. dxe5 Qa5 13. Bd2 Rd8 14. Bd3 Qa4 15. Rfd1 Bd7 16. c4 Be8 17. Bg5 Bxg5 18. Nxg5 h6 19. Ne4 Qa5 20. f4 Nd4 21. Qf2 Ba4 22. Rd2 Bc6 23. Rad1 Nf5 24. Nd6 Nxd6 25. exd6 Ba4 26. Bc2 Bxc2 27. Rxc2 Rac8 28. c5 Rc6 29. f5 exf5 30. Rf1 g6 31. Qd4 b6 32. Qf6 bxc5 33. Qe5 Rdxd6 34. Qe8+ Kg7 35. Rb2 Re6 36. Qa8 Rb6 37. Rc2 Re1 38. Rc1 Rxc1 39. Rxc1 Qd2 40. Rf1 Qxa2 41. Qe8 Qe6 0-1

[Event "Kiev Spring op"]
[Site "Kiev"]
[Date "2023.03.31"]
[Round "9"]
[White "Diachek, Andriy"]
[Black "Tulchynskyi, Feliks"]
[Result "0-1"]
[WhiteElo "1950"]
[BlackElo "2242"]
[PlyCount "86"]
[EventDate "2023.03.25"]
[EventType "swiss"]
[EventRounds "9"]
[EventCountry "UKR"]
[SourceTitle "EXT 2024"]
[Source "ChessBase"]
[SourceDate "2023.10.10"]
[SourceVersion "1"]
[SourceVersionDate "2023.10.10"]
[SourceQuality "1"]

1. e4 c5 2. Nf3 Nc6 3. Bb5 e6 4. 0-0 Nge7 5. Re1 b6 6. c3 a6 7. Bf1 d5 8. exd5 Nxd5 9. d4 cxd4 10. Nxd4 Bb7 11. Nf5 g6 12. Nh6 Qd7 13. Qf3 Bg7 14. Na3 Ne5 15. Qg3 f6 16. f4 Nf7 17. Nxf7 Kxf7 18. Be3 Rhe8 19. Rad1 Qc7 20. c4 Nxe3 21. Qxe3 f5 22. b4 Rad8 23. Rxd8 Qxd8 24. Kh1 Qd4 25. Qxd4 Bxd4 26. Nc2 Bc3 27. Re3 Bd2 28. Rh3 h5 29. c5 bxc5 30. bxc5 Bxf4 31. Rc3 Be5 32. Rb3 Bd5 33. Ra3 Rb8 34. Re3 Rb1 35. Re1 Rxe1 36. Nxe1 a5 37. a3 Bd4 38. Nd3 e5 39. a4 Bc6 40. Nc1 Bxc5 41. Nb3 Bb6 42. Bb5 Bxb5 43. axb5 a4 0-1

[Event "Jastrzebie Zdroj op"]
[Site "Jastrzebie Zdroj"]
[Date "2022.11.22"]
[Round "5"]
[White "Jacel, Lukasz"]
[Black "Diachek, Andriy"]
[Result "1-0"]
[WhiteElo "1942"]
[BlackElo "1756"]
[PlyCount "69"]
[EventDate "2022.11.19"]
[EventType "swiss"]
[EventRounds "9"]
[EventCountry "POL"]
[SourceTitle "CBM 211 Extra"]
[Source "ChessBase"]
[SourceDate "2023.01.31"]
[SourceVersion "1"]
[SourceVersionDate "2023.01.31"]
[SourceQuality "1"]

1. e4 c5 2. Nc3 a6 3. a4 Nc6 4. f4 e6 5. Nf3 d5 6. g3 Nge7 7. d3 g6 8. Bg2 Bg7 9. 0-0 b6 10. Ne5 Nxe5 11. fxe5 d4 12. Qf3 0-0 13. Nd1 Nc6 14. Bf4 Nxe5 15. Bxe5 Bxe5 16. Nf2 Bg7 17. e5 Rb8 18. Ng4 Bb7 19. Qf4 Bxg2 20. Kxg2 Qc7 21. Rae1 h5 22. Nf6+ Bxf6 23. Qxf6 Qd8 24. Qf4 Kg7 25. Re4 Rb7 26. Rf3 Rh8 27. Qd2 h4 28. Rf6 hxg3 29. hxg3 Rh5 30. Rff4 Qh8 31. Rh4 g5 32. Reg4 f6 33. Qf4 Rf7 34. exf6+ Rxf6 35. Rxg5+ 1-0

[Event "Jastrzebie Zdroj op"]
[Site "Jastrzebie Zdroj"]
[Date "2022.11.21"]
[Round "4"]
[White "Diachek, Andriy"]
[Black "Posluszny, Tomasz"]
[Result "1/2-1/2"]
[WhiteElo "1756"]
[BlackElo "1944"]
[PlyCount "141"]
[EventDate "2022.11.19"]
[EventType "swiss"]
[EventRounds "9"]
[EventCountry "POL"]
[SourceTitle "CBM 211 Extra"]
[Source "ChessBase"]
[SourceDate "2023.01.31"]
[SourceVersion "1"]
[SourceVersionDate "2023.01.31"]
[SourceQuality "1"]

1. e4 e5 2. Nf3 Nc6 3. Bb5 a6 4. Ba4 Nf6 5. 0-0 Be7 6. Re1 b5 7. Bb3 0-0 8. h3 Bb7 9. d3 d5 10. exd5 Nxd5 11. Nxe5 Nd4 12. Nc3 Nb4 13. Ne4 Nxb3 14. axb3 c5 15. c3 Nc6 16. Nf3 Qd5 17. c4 Qf5 18. Nc3 Rad8 19. Nd5 Bd6 20. Qe2 f6 21. Qe4 Qd7 22. Qe6+ Qxe6 23. Rxe6 Ne5 24. Nxe5 fxe5 25. Bg5 Kf7 26. Bxd8 Rxd8 27. Rxd6 Rxd6 28. Nc3 Rb6 29. cxb5 axb5 30. Ne4 c4 31. bxc4 bxc4 32. Nc5 cxd3 33. Nxd3 Kf6 34. Ra2 Bd5 35. Ra5 Be4 36. Nc5 Bc6 37. Ra6 Rxa6 38. Nxa6 Ke6 39. f3 Kd6 40. Kf2 Bb5 41. Nb4 Kc5 42. Nc2 Bd3 43. Ne1 Bf5 44. Ke3 Kc4 45. g4 Bg6 46. h4 h6 47. h5 Bh7 48. Ng2 g6 49. Nh4 gxh5 50. gxh5 Bc2 51. Ng6 Kd5 52. b4 Ba4 53. Ne7+ Ke6 54. Ng8 Be8 55. Nxh6 Bxh5 56. Ng4 Be8 57. Kd3 Bc6 58. Nh2 Kd5 59. Ng4 Ke6 60. Ke3 Kd5 61. Kd3 Ke6 62. Ke2 Kd5 63. Ke3 Ke6 64. Nf2 Kd5 65. Nd3 Bb5 66. Nb2 Bc6 67. Kd3 Bb5+ 68. Ke3 Bc6 69. Nd3 Bb5 70. Ne1 Kc4 71. Nd3 1/2-1/2

[Event "Krakow op-C"]
[Site "Krakow"]
[Date "2022.06.27"]
[Round "4"]
[White "Andriienko, Artom"]
[Black "Diachek, Andriy"]
[Result "1-0"]
[WhiteElo "1588"]
[BlackElo "1451"]
[PlyCount "145"]
[EventDate "2022.06.25"]
[EventType "swiss"]
[EventRounds "9"]
[EventCountry "POL"]
[SourceTitle "EXT 2023"]
[Source "ChessBase"]
[SourceDate "2022.10.05"]
[SourceVersion "1"]
[SourceVersionDate "2022.10.05"]
[SourceQuality "1"]

1. d4 Nf6 2. c4 e6 3. Nf3 b6 4. g3 Bb4+ 5. Nbd2 Bb7 6. Bg2 0-0 7. 0-0 d5 8. Qc2 Nbd7 9. cxd5 exd5 10. a3 Bd6 11. b4 Re8 12. e3 Ne4 13. Nxe4 dxe4 14. Nd2 Nf6 15. Nc4 Qd7 16. Ne5 Qf5 17. Bb2 Ng4 18. Nc4 Ba6 19. Rac1 Rad8 20. f3 Nxh2 21. fxe4 Qh5 22. Rf5 Qh6 23. b5 Bc8 24. e5 Ng4 25. Rf3 Bb7 26. Qf5 Bxf3 27. Qxf3 Qh2+ 28. Kf1 Qh5 29. Ke2 Be7 30. Rh1 Qg6 31. Qe4 Nh6 32. Qxg6 hxg6 33. Bc6 Rf8 34. e4 Kh7 35. g4 Rh8 36. Bd5 Kg8 37. Rf1 Rf8 38. Rg1 g5 39. Ne3 g6 40. Rc1 Bd8 41. Bb3 Nf5 42. gxf5 Rh2+ 43. Kf3 Rxb2 44. Bd5 Kg7 45. f6+ Bxf6 46. exf6+ Kxf6 47. Ng4+ Kg7 48. Rxc7 Rxb5 49. Ne5 Rb1 50. Rxa7 Kh6 51. Nxf7+ Kh5 52. Kg2 Kh4 53. Kf2 g4 54. Ke3 g3 55. e5 Rb5 56. Be4 Rb3+ 57. Kd2 Kg4 58. e6 Rb2+ 59. Kc3 Re2 60. Ne5+ Kg5 61. Bd5 g2 62. Bxg2 Rxg2 63. e7 Re8 64. d5 Re2 65. Nc6 Kg4 66. Kd3 Re1 67. Kd2 Rf1 68. d6 Rf6 69. d7 Rd6+ 70. Ke3 Rxe7+ 71. Nxe7 Re6+ 72. Kf2 Rxe7 73. Ra4+ 1-0

[Event "Krakow op-C"]
[Site "Krakow"]
[Date "2022.06.26"]
[Round "3"]
[White "Diachek, Andriy"]
[Black "Radwanski, Mikolaj"]
[Result "1-0"]
[WhiteElo "1451"]
[BlackElo "1330"]
[PlyCount "95"]
[EventDate "2022.06.25"]
[EventType "swiss"]
[EventRounds "9"]
[EventCountry "POL"]
[SourceTitle "EXT 2023"]
[Source "ChessBase"]
[SourceDate "2022.10.05"]
[SourceVersion "1"]
[SourceVersionDate "2022.10.05"]
[SourceQuality "1"]

1. e4 d6 2. d4 Nf6 3. Nc3 g6 4. Bg5 h6 5. Bxf6 exf6 6. Bd3 Bg7 7. Nge2 0-0 8. 0-0 Nc6 9. f4 Nb4 10. f5 d5 11. fxg6 fxg6 12. Nxd5 Nxd3 13. Qxd3 c6 14. Ndf4 Qe8 15. Ng3 g5 16. Nfe2 Rf7 17. Nf5 Bxf5 18. Rxf5 Re7 19. Ng3 Rd8 20. c3 h5 21. Qf3 h4 22. Nh5 Rxe4 23. Nxf6+ Bxf6 24. Rxf6 Re1+ 25. Rxe1 Qxe1+ 26. Qf1 Qxf1+ 27. Kxf1 Kg7 28. Re6 Kf7 29. Re5 Kf6 30. Kf2 Rd5 31. Rxd5 cxd5 32. a4 b6 33. b3 Kf5 34. Ke3 Kg4 35. c4 Kf5 36. cxd5 a5 37. Kf3 g4+ 38. Ke3 h3 39. g3 Kf6 40. Kf4 Ke7 41. Kxg4 Kd6 42. Kf4 Kxd5 43. Ke3 Kc6 44. g4 b5 45. g5 bxa4 46. bxa4 Kd6 47. g6 Ke6 48. d5+ 1-0

[Event "Kiev Spring op"]
[Site "Kiev"]
[Date "2021.07.14"]
[Round "6"]
[White "Diachek, Andriy"]
[Black "Shkuta, Igor"]
[Result "0-1"]
[WhiteElo "1493"]
[BlackElo "1985"]
[PlyCount "109"]
[EventDate "2021.07.10"]
[EventType "swiss"]
[EventRounds "9"]
[EventCountry "UKR"]
[SourceTitle "EXT 2024"]
[Source "ChessBase"]
[SourceDate "2023.10.10"]
[SourceVersion "1"]
[SourceVersionDate "2023.10.10"]
[SourceQuality "1"]

1. e4 e6 2. d4 d5 3. Nd2 Nf6 4. e5 Nfd7 5. f4 c5 6. c3 Nc6 7. Ndf3 Be7 8. g3 h5 9. h3 a5 10. a4 b6 11. Bd3 Ba6 12. Bb1 g6 13. Ne2 b5 14. axb5 Bxb5 15. 0-0 Qb6 16. Rf2 Rb8 17. Rg2 Bc4 18. g4 hxg4 19. hxg4 Rh3 20. Ng3 g5 21. Nh5 cxd4 22. cxd4 Rxf3 23. Qxf3 Nxd4 24. Qf2 Bc5 25. Kh2 Nb3 26. Qc2 Nxc1 27. Qxc1 Be3 28. Qe1 gxf4 29. Qh4 f6 30. Bg6+ Kd8 31. Nxf6 Nxf6 32. Qxf6+ Kc8 33. b4 axb4 34. Bf7 Kb7 35. Qe7+ Kc6 36. Qxe6+ Kc5 37. Qe7+ Kd4 38. e6 Kc3 39. Qf6+ d4 40. Qh4 d3 41. Qe1+ Kd4 42. Ra4 Rh8+ 43. Bh5 Rxh5+ 44. gxh5 Qb5 45. Qd1 Bb3 46. Qa1+ Ke4 47. Ra5 Qb8 48. Kh1 Bxe6 49. Qf6 Qd6 50. Qg6+ Kf3 51. h6 d2 52. Qc2 Bd5 53. Qb2 Ke4 54. Qc2+ Ke5 55. Qb2+ 0-1

[Event "Kiev Spring op"]
[Site "Kiev"]
[Date "2021.07.11"]
[Round "2"]
[White "Diachek, Andriy"]
[Black "Biletskiy, Danylo"]
[Result "1/2-1/2"]
[WhiteElo "1493"]
[BlackElo "2125"]
[PlyCount "98"]
[EventDate "2021.07.10"]
[EventType "swiss"]
[EventRounds "9"]
[EventCountry "UKR"]
[SourceTitle "EXT 2024"]
[Source "ChessBase"]
[SourceDate "2023.10.10"]
[SourceVersion "1"]
[SourceVersionDate "2023.10.10"]
[SourceQuality "1"]

1. e4 c5 2. c3 Nf6 3. e5 Nd5 4. d4 cxd4 5. Nf3 Nc6 6. Bc4 Nb6 7. Bb3 d5 8. cxd4 Bg4 9. Be3 Na5 10. Bc2 Nac4 11. b3 Nxe3 12. fxe3 e6 13. 0-0 Be7 14. Nc3 0-0 15. Ne2 Rc8 16. Nf4 Rc3 17. Qd2 Qc7 18. Bd3 Rc8 19. Ne2 Rc6 20. Rac1 Bf5 21. Bxf5 exf5 22. Rxc6 bxc6 23. Rc1 f6 24. Qd3 g6 25. Nf4 Qd7 26. Qd2 Qe8 27. Nd3 g5 28. Qf2 Nd7 29. Qg3 h6 30. Nh4 fxe5 31. Nxf5 e4 32. Ne5 Bf8 33. Ng4 h5 34. Ngh6+ Kh7 35. Qxg5 Qg6 36. h4 Qxg5 37. hxg5 Kg6 38. Rf1 Kxg5 39. Nf7+ Kg6 40. Nh4+ Kg7 41. Ng5 Kg8 42. Ng6 Kg7 43. Nh4 Bb4 44. Ne6+ Kg8 45. Nf5 Nf8 46. Nf4 Kf7 47. a3 Bd2 48. Rf2 Be1 49. Rf1 Bd2 1/2-1/2

[Event "Kiev Spring op"]
[Site "Kiev"]
[Date "2021.07.10"]
[Round "1"]
[White "Legenia, Artem"]
[Black "Diachek, Andriy"]
[Result "1/2-1/2"]
[WhiteElo "2144"]
[BlackElo "1493"]
[PlyCount "95"]
[EventDate "2021.07.10"]
[EventType "swiss"]
[EventRounds "9"]
[EventCountry "UKR"]
[SourceTitle "EXT 2024"]
[Source "ChessBase"]
[SourceDate "2023.10.10"]
[SourceVersion "1"]
[SourceVersionDate "2023.10.10"]
[SourceQuality "1"]

1. e4 e5 2. Nf3 Nc6 3. Bc4 Nf6 4. d3 Bc5 5. c3 d6 6. h3 a6 7. 0-0 0-0 8. Bb3 h6 9. Re1 Qe7 10. Nbd2 Be6 11. Bc2 Bd7 12. Nf1 b5 13. Ne3 Bb6 14. Nd5 Nxd5 15. exd5 Na5 16. d4 f6 17. Qd3 g5 18. b3 Qg7 19. Bb2 Rae8 20. Qg6 exd4 21. Nxd4 Bxd4 22. cxd4 f5 23. Qxg7+ Kxg7 24. Bd3 Kg6 25. Rec1 Rc8 26. Rc2 c6 27. Bc3 Nb7 28. dxc6 Rxc6 29. Rac1 Rfc8 30. g4 d5 31. Bb4 Rxc2 32. Rxc2 Rxc2 33. Bxc2 Nd8 34. Bd6 Nc6 35. Bc5 h5 36. a4 hxg4 37. hxg4 Kf6 38. axb5 axb5 39. Kg2 fxg4 40. Kg3 Bf5 41. Bd1 Na5 42. Bb6 Nc6 43. Bxg4 Bxg4 44. Kxg4 Kg6 45. f4 gxf4 46. Kxf4 Kf6 47. Kg4 Kg6 48. Kf4 1/2-1/2

[Event "Online Friendship U12"]
[Site "Tornelo INT"]
[Date "2020.11.21"]
[Round "5.5"]
[White "Diachek, Andriy"]
[Black "Gabadadze, Gabriel"]
[Result "0-1"]
[WhiteElo "1471"]
[BlackElo "1182"]
[PlyCount "46"]
[EventDate "2020.11.21"]
[EventType "team-swiss"]
[EventRounds "7"]
[EventCountry "BLR"]
[SourceTitle "CBM 199 Extra"]
[Source "ChessBase"]
[SourceDate "2021.01.31"]
[SourceVersion "1"]
[SourceVersionDate "2021.01.31"]
[SourceQuality "1"]
[WhiteTeam "Ukraine"]
[BlackTeam "Georgia"]
[WhiteTeamCountry "UKR"]
[BlackTeamCountry "GEO"]

1. e4 c5 2. d4 cxd4 3. c3 e5 4. Nf3 Nc6 5. Bc4 Nf6 6. cxd4 exd4 7. 0-0 Nxe4 8. Re1 d5 9. Bxd5 Qxd5 10. Nc3 Qd7 11. Nxe4 Be7 12. Bf4 0-0 13. a3 Re8 14. Qe2 Qd5 15. Nd6 d3 16. Qe3 Rd8 17. Nxc8 Raxc8 18. Rac1 g5 19. Bxg5 Bxg5 20. Qxg5+ Qxg5 21. Nxg5 d2 22. Red1 dxc1Q 23. Rxc1 Ne5 0-1

[Event "Online Friendship U12"]
[Site "Tornelo INT"]
[Date "2020.11.21"]
[Round "2.5"]
[White "Kozhedub, Ivan"]
[Black "Diachek, Andriy"]
[Result "0-1"]
[WhiteElo "1222"]
[BlackElo "1471"]
[PlyCount "108"]
[EventDate "2020.11.21"]
[EventType "team-swiss"]
[EventRounds "7"]
[EventCountry "BLR"]
[SourceTitle "CBM 199 Extra"]
[Source "ChessBase"]
[SourceDate "2021.01.31"]
[SourceVersion "1"]
[SourceVersionDate "2021.01.31"]
[SourceQuality "1"]
[WhiteTeam "Belarus Gomel"]
[BlackTeam "Ukraine"]
[WhiteTeamCountry "BLR"]
[BlackTeamCountry "UKR"]

1. e4 e5 2. Nf3 Nc6 3. d4 exd4 4. Bc4 Nf6 5. 0-0 Nxe4 6. Re1 d5 7. Bxd5 Qxd5 8. Nc3 Qh5 9. Nxe4 Be6 10. Neg5 0-0-0 11. Nxe6 fxe6 12. Rxe6 Bd6 13. h3 Rhf8 14. b3 Ne5 15. Rxe5 Bxe5 16. Bb2 Bf6 17. Qd3 Qg6 18. Qxg6 hxg6 19. Rd1 c5 20. Ba3 b6 21. Rd3 Rfe8 22. Kf1 Re6 23. g4 g5 24. Bb2 Rh8 25. Kg2 Re2 26. Rd2 Rhe8 27. Bc1 b5 28. Kf1 R2e6 29. Rd1 Ra6 30. a3 Rh8 31. Kg2 Re8 32. Kf1 Kb7 33. b4 Kc6 34. bxc5 Kxc5 35. Bb2 Rd8 36. Bc1 Kc4 37. Nxg5 Kc3 38. Ne4+ Kxc2 39. Re1 d3 40. Rd1 Kxd1 41. Nxf6 Rxf6 42. Be3 Kc2 43. Kg2 Re6 44. Bg5 Rd5 45. Bf4 d2 46. Bxd2 Rxd2 47. Kg3 Ree2 48. f4 Rg2+ 49. Kh4 Kd3 50. Kg5 Ke4 51. h4 Rd5+ 52. f5 Kf3 53. Kh5 Rxg4 54. a4 Rxf5# 0-1

[Event "Online Friendship U12"]
[Site "Tornelo INT"]
[Date "2020.11.21"]
[Round "6.5"]
[White "Matskevich, Varvara"]
[Black "Diachek, Andriy"]
[Result "1-0"]
[WhiteElo "1265"]
[BlackElo "1471"]
[PlyCount "61"]
[EventDate "2020.11.21"]
[EventType "team-swiss"]
[EventRounds "7"]
[EventCountry "BLR"]
[SourceTitle "CBM 199 Extra"]
[Source "ChessBase"]
[SourceDate "2021.01.31"]
[SourceVersion "1"]
[SourceVersionDate "2021.01.31"]
[SourceQuality "1"]
[WhiteTeam "Belarus Minsk"]
[BlackTeam "Ukraine"]
[WhiteTeamCountry "BLR"]
[BlackTeamCountry "UKR"]

1. e4 e5 2. Nf3 Nc6 3. Bb5 a6 4. Ba4 Nf6 5. 0-0 Be7 6. d3 b5 7. Bb3 0-0 8. Re1 d5 9. exd5 Nxd5 10. Nxe5 Nxe5 11. Rxe5 c6 12. Re1 Bd6 13. Qf3 Qh4 14. h3 Be6 15. Nc3 Rae8 16. Bd2 g5 17. Nxd5 cxd5 18. Bxd5 g4 19. Qe4 Bxd5 20. Qxd5 gxh3 21. Qxd6 Kh8 22. Qg3 Qd8 23. Bc3+ f6 24. Rxe8 Qxe8 25. Qxh3 Qe2 26. Qh6 Kg8 27. Qd2 Qg4 28. Qd1 Qg5 29. Qf3 Qh6 30. Qh3 Qf4 31. Qg3+ 1-0